| 000 | 00852nam a22002177a 4500 | ||
|---|---|---|---|
| 005 | 2011100705045.0 | ||
| 010 | _aG-001671 | ||
| 020 |
_a9788170005605 _c975.00 |
||
| 035 | 1 | d | _aG-001671 |
| 037 | _bGift | ||
| 082 | _a006.76 | ||
| 100 |
_aWestman, Stephen R. _935279 |
||
| 245 | E |
_aCreating database-backed library web pages: _cby Stephen R. Westman _busing pen source tools / |
|
| 260 |
_aNew Delhi _bEss Ess Publication _c2009 |
||
| 270 |
_a4837/24, Ansari Road, Daryaganj _bNew Delhi _e110002 |
||
| 300 |
_axii, 268p. _c22cm(Hb) |
||
| 500 | _aIncludes glossary and index | ||
| 942 |
_2ddc _cEN _h006.76 _mWES |
||
| 999 |
_c57348 _d57348 |
||